Ein tropischer Fisch sehnt sich nach Schnee (Titelsatznr. 1489)
[ MARC ]
| 000 -LEADER | |
|---|---|
| fixed length control field | 00887nam a22003012cc4500 |
| 001 - CONTROL NUMBER | |
| control field | 1850146284 |
| 003 - CONTROL NUMBER IDENTIFIER | |
| control field | DE-627 |
| 005 - DATE AND TIME OF LATEST TRANSACTION | |
| control field | 20260212131245.0 |
| 007 - PHYSICAL DESCRIPTION FIXED FIELD--GENERAL INFORMATION | |
| fixed length control field | tu |
| 008 - FIXED-LENGTH DATA ELEMENTS--GENERAL INFORMATION | |
| fixed length control field | 230615s2020 gw ||||| 00| ||ger c |
| 020 ## - INTERNATIONAL STANDARD BOOK NUMBER | |
| International Standard Book Number | 9783963584602 |
| Terms of availability | : : EUR 7.00 |
| 035 ## - SYSTEM CONTROL NUMBER | |
| System control number | (DE-627)1850146284 |
| 035 ## - SYSTEM CONTROL NUMBER | |
| System control number | (DE-599)KXP1850146284 |
| 040 ## - CATALOGING SOURCE | |
| Original cataloging agency | DE-627 |
| Language of cataloging | ger |
| Transcribing agency | DE-627 |
| Description conventions | rda |
| 041 ## - LANGUAGE CODE | |
| Language code of text/sound track or separate title | ger |
| Language code of original | jpn |
| 044 ## - COUNTRY OF PUBLISHING/PRODUCING ENTITY CODE | |
| ISO country code | XA-DE |
| 100 1# - MAIN ENTRY--PERSONAL NAME | |
| Personal name | Hagino, Makoto |
| Relator term | VerfasserIn |
| Authority record control number or standard number | (DE-588)1189174251 |
| -- | (DE-627)1667908391 |
| Relationship | aut |
| 245 14 - TITLE STATEMENT | |
| Title | Ein tropischer Fisch sehnt sich nach Schnee |
| Number of part/section of a work | 5 |
| Statement of responsibility, etc. | Makoto Hagino |
| 250 ## - EDITION STATEMENT | |
| Edition statement | 1. Auflage |
| 264 #1 - PRODUCTION, PUBLICATION, DISTRIBUTION, MANUFACTURE, AND COPYRIGHT NOTICE | |
| Place of production, publication, distribution, manufacture | Hamburg |
| Name of producer, publisher, distributor, manufacturer | Altraverse |
| Date of production, publication, distribution, manufacture, or copyright notice | 2020 |
| 300 ## - PHYSICAL DESCRIPTION | |
| Extent | 162 Seiten |
| 336 ## - CONTENT TYPE | |
| Content type term | Text |
| Content type code | txt |
| Source | rdacontent |
| 337 ## - MEDIA TYPE | |
| Media type term | ohne Hilfsmittel zu benutzen |
| Media type code | n |
| Source | rdamedia |
| 338 ## - CARRIER TYPE | |
| Carrier type term | Band |
| Carrier type code | nc |
| Source | rdacarrier |
| 951 ## - EQUIVALENCE OR CROSS-REFERENCE--GEOGRAPHIC NAME/AREA NAME [OBSOLETE] [CAN/MARC only] | |
| Geographic name | MV |
| 773 18 - HOST ITEM ENTRY | |
| Record control number | (DE-627)1850291446 |
| Related parts | 5 |
| Enumeration and first page | 5 |
| Control subfield | nnam |
| 942 ## - ADDED ENTRY ELEMENTS (KOHA) | |
| Source of classification or shelving scheme | Dewey Decimal Classification |
| Koha item type | Manga |
| Suppress in OPAC | No |
| Withdrawn status | Lost status | Source of classification or shelving scheme | Damaged status | Not for loan | Home library | Current library | Shelving location | Date acquired | Total checkouts | Barcode | Date last seen | Price effective from | Koha item type |
|---|---|---|---|---|---|---|---|---|---|---|---|---|---|
| Dewey Decimal Classification | Bunte Manga Potsdam | Bunte Manga Potsdam | Romance - Girl's Love | 02/12/2026 | 1470 | 02/12/2026 | 02/12/2026 | Manga |